000 00446nam a2200169Ia 4500
003 GCL
008 140319s9999 xx 000 0 eng d
040 _aGCL /
_cGCL
082 0 4 _a843
_bA P
100 1 _aATTALI, JACQUES
245 1 0 _aAU PROPRE ET AU FIGURE: UNE HISTOIRE DE LA PROPRIETE /
_cATTALI, JACQUES
260 _a[S.N] :
_bFAYARD ،
_c1988
300 _a506
650 0 4 _aLITERATURE
650 0 4 _aFRENCH LITERATURE
942 _2ddc
_cBK
999 _c10942
_d10942